000 00961nam0a22002411 4500
001 rc\2871310
005 20250529211805.0
035 _a(NLR Aleph) 007024663
090 _a5943062
_c5943062
100 _a20110714d1927 |||y0rusy50 ca
101 0 _arus
102 _aRU
105 _ay z |||||
200 1 _aОб организации труда в крестьянском хозяйстве Харьковской области
210 _a[Харьков]
_cотд. применения хос.-хос. Охтирка
_d1927
_gдрук. мійськвідком госпу
215 _a8 с.
_d26х17 см
225 1 _aˆ[‰Издания]
_fХарьк. обл. с.-х. опыт. станция. Отд. экономики и организации крестьян. хозяйства
_v№ 13
700 1 _aЯстреб
_bС.В.
801 0 _aRU
_bNLR
_gpsbo
801 1 _aRU
_bELAR
_2rusmarc
852 _aNLR
_j35/2138 (13)
942 _cBOOK
980 _aNB